Black and White Movies - Sudden Death - Statistics

General Stats
  • This quiz has been taken 667 times
  • The average score is 8 of 19
Answers on the Grid
Answers color-coded by a green-red scale on the quiz's grid according to % correct below.
12 Angry Men
Black Swan
Bonnie and Clyde
Cabaret
Citizen Kane
Doctor Zhivago
Enter the Dragon
Funny Girl
Invictus
Lawrence of Arabic
Manhattan
Mank
Nebraska
Paths of Glory
Persepolis
Psycho
Raging Bull
Rear Window
Roma
Roman Holiday
Schindler's List
Seven Samurai
Sideways
Sin City
The Artist
The Elephant Man
The Last Emperor
The Lighthouse
The Maltese Falcon
There Will Be Blood
To Kill a Mockingbird
Zero Dark Thirty
 
Answer Stats
Answer % Correct
Schindler's List
67%
Citizen Kane
66%
12 Angry Men
64%
Psycho
62%
To Kill a Mockingbird
56%
The Elephant Man
51%
Raging Bull
50%
The Lighthouse
46%
Seven Samurai
45%
The Artist
44%
The Maltese Falcon
44%
Sin City
42%
Paths of Glory
33%
Roman Holiday
33%
Roma
32%
Manhattan
29%
Mank
29%
Persepolis
23%
Nebraska
21%
No matching quizzes found
Score Distribution
Percent of People with Each Score
Percentile by Number Answered
Your Score History
You have not taken this quiz